000 00459nam a2200145 a 4500
001 000017527
005 20200929165136.0
008 100326s1993 xxu 000 0 spa d
040 _aDO-SdBNP
_bspa
_cBNPHU
082 _axxxx
100 1 _aSoriano, Félix
_938272
245 1 0 _aThe way dominicans speak colloquially :
_b(...And something else) /
_cFélix Soriano.
260 _aBronx, Estados Unidos :
_bExpress Printing Plus,
_c1993.
300 _a65 p. ;
_c22 cm.
999 _c17052
_d17052